Tiktok: The Edits - Statistics

General Stats
  • This quiz has been taken 81 times
  • The average score is 4 of 7
Answer Stats
Song Source Material Timeframe Creator Answer % Correct
Playdate (Melanie Martinez) Call Me By Your Name April 2020 .leoaep Timothee Chalamet / Elio Perlman
92%
Never Be Like You (Flume, kai) Saltburn January 2024 kcsvids Jacob Elordi / Felix Catton
77%
Camel by Camel (Mandy Marton) Stranger Things May 2022 marcluvr Joe Keery / Steve Harrington
68%
Ride (Sir Mix-a-Lot) Five Nights at Freddy's October 2023 emlucent Josh Hutcherson / Mike Schmidt
58%
Breakin' Dishes (Rihanna) The Ballad of Songbirds and Snakes November 2023 toriegh Tom Blythe / Coriolanus Snow
51%
Hey Sexy Lady (Shaggy) Kingsman: The Golden Circle January 2023 dvcree Pedro Pascal / Agent Whiskey (Jack Daniels)
41%
Positif (Mr Oizo) vlogs, tiktoks, etc January 2024 n0gitsxne Tara Yummy
4%
No matching quizzes found
Score Distribution
Percent of People with Each Score
Percentile by Number Answered
Your Score History
You have not taken this quiz